VFL Wolfsburg: Alle Torschützen der 2000er - Statistiken

Allgemein
  • Dieses Quiz wurde 79 mal gespielt
  • Das Durchschnittsergebnis liegt bei 21 aus 67
Antwortstatistiken
Pos. Nat. Spieler % Korrekt
ST BIH Edin Dzeko
97%
ST BRA Grafite
97%
MIT BIH Zvjezdan Misimovic
76%
VER ITA Andrea Barzagli
67%
MIT JAP Makoto Hasebe
64%
ST ARG Diego Klimowicz
61%
MIT BRA Josue
58%
ST BUL Martin Petrov
58%
ST GER Roy Präger
58%
MIT GER Christian Gentner
52%
MIT ARG Andres D'Alessandro
48%
MIT IRN Ashkan Dejagah
48%
VER ITA Cristian Zaccardo
48%
VER GER Marcel Schäfer
48%
MIT GUI Pablo Thiam
48%
VER GER Alexander Madlung
42%
MIT RUM Dorinel Munteanu
42%
ST NIG Obafemi Martins
42%
ST CRO Tomislav Maric
42%
ST POL Andrzej Juskowiak
39%
MIT BRA Marcelinho
39%
ST GER Mike Hanke
39%
MIT POL Jacek Krzynowek
36%
VER GER Sascha Riether
36%
MIT GER Stefan Effenberg
36%
MIT POL Krzysztof Nowak
33%
MIT SVK Miroslav Karhan
33%
VER GER Stefan Schnoor
30%
MIT GHA Charles Akonnor
27%
VER ARG Facundo Quiroga
27%
MIT GHA Hans Sarpei
27%
ST NIG Jonathan Akpoborie
27%
VER POR Ricardo Costa
27%
ST ARG Juan Menseguez
24%
MIT BUL Marian Hristov
24%
ST BIH Marko Topic
24%
ST ITA Robson Ponte
24%
ST RUM Sergiu Radu
24%
ST GER Thomas Brdaric
24%
MIT GER Tobias Rau
24%
MIT USA Fabian Johnson
21%
MIT GER Frank Greiner
21%
MIT PAR Jonathan Santana
21%
MIT GER Sven Müller
21%
MIT GER Cedric Makiadi
18%
ST SRB Danijel Ljuboja
18%
MIT AUT Dietmar Kühbauer
18%
VER NED Kevin Hofland
18%
MIT GER Zoltan Sebescen
18%
ST AUS Joshua Kennedy
15%
ST BRA Baiano
12%
VER DEN Claus Thomsen
12%
MIT GHA Isaac Boakye
12%
ST TUR Mahir Saglik
12%
VER GER Maik Franz
12%
ST NED Rick Hoogendorp
12%
ST BRA Caiuby
9%
VER CRO Marino Biliskov
9%
ST FRA Steve Marlet
9%
VER DEN Thomas Rytter
9%
MIT GER Albert Streit
6%
MIT GER Christopher Lamprecht
6%
ST GER Jürgen Rische
6%
VER DEN Kim Madsen
6%
VER ARG Pablo Quattrocchi
6%
VER SRB Dejan Petkovic
3%
ST GER Markus Feldhoff
3%
Keine übereinstimmenden Quizze gefunden
Verteilung der Resultate
Anzahl Personen mit jedem Resultat
Perzentil nach korrekt beantworteten Fragen
Ihre Resultats-Entwicklung
Sie haben dieses Quiz noch nicht gespielt